| 000 | 00743nam a2200301Ia 4500 | ||
|---|---|---|---|
| 003 | OSt | ||
| 005 | 20250415115739.0 | ||
| 008 | 210210b2009 xxu||||| |||| 00| 0 eng d | ||
| 020 | _a9788182092457 | ||
| 040 | _cAL | ||
| 041 | _aeng | ||
| 082 | _a001.64 LEOF | ||
| 100 |
_aLEON (Alexis) _9208340 |
||
| 245 | _aFundamentals of information technology | ||
| 250 | _a2 | ||
| 260 |
_aChennai _bLeonvikas _c2009 |
||
| 300 | _axxiv,578 | ||
| 650 |
_atechnology _9208341 |
||
| 650 |
_aof _9208342 |
||
| 650 |
_ainformation _9208343 |
||
| 650 |
_aFundamentals _9208344 |
||
| 650 |
_aEd _9208345 |
||
| 650 |
_a2 _9208346 |
||
| 690 |
_aComputer Science _9208347 |
||
| 700 |
_aLEON (Mathews) _9208348 |
||
| 906 | _a065261 | ||
| 942 |
_2ddc _cBK |
||
| 999 |
_c142459 _d142459 |
||